| 000 | 00677nam a2200121Ia 4500 | ||
|---|---|---|---|
| 008 | 171212s9999 xx 000 0 und d | ||
| 020 | _a9780833041890 | ||
| 100 | _aLibicki, Martin C.;Gompert, David C.;Frelinger, David R.;Smith, Raymond;David C. Gompert, ;David R. Frelinger, ;Raymond Smith, | ||
| 245 |
_cLibicki, Martin C.;Gompert, David C.;Frelinger, David R.;Smith, Raymond;David C. Gompert, ;David R. Frelinger, ;Raymond Smith, _aByting BackA-Regaining Information Superiority Against 21st-Century Insurgents _bRAND Counterinsurgency StudyA-Volume 1 |
||
| 260 |
_bRAND Corporation _c2007 |
||
| 650 | _aPolitical Science | ||
| 856 | _uwww.jstor.org/stable/10.7249/mg595-1osd | ||
| 999 |
_c351825 _d351825 |
||